| 000 | 00606nam a22002177a 4500 | ||
|---|---|---|---|
| 999 |
_c6856 _d6856 |
||
| 001 | 6856 | ||
| 003 | BD-JhCC | ||
| 005 | 20180131105105.0 | ||
| 008 | 180131b xxu||||| |||| 00| 0 eng d | ||
| 035 | _a(BD-JhCC)6856 | ||
| 040 |
_aBD-JhCC _dBD-JhCC |
||
| 041 | _aeng | ||
| 082 |
_a823.914 _bFIE 1968 |
||
| 100 | _aFielding, Henry | ||
| 245 |
_aThe History of the adventures of Joseph Andrews and His Friend Mr. Abraham adams / _cHenry Fielding |
||
| 260 |
_aNew York : _bThe Norton Library, _c1958. |
||
| 300 |
_a320 p. : _c15 cm. |
||
| 650 | _aAdventure Stories, | ||
| 942 |
_2ddc _cBK |
||